Países que han jugado una Eurocopa - Estadísticas

Estadísticas generales
  • Esta prueba ha sido intentada 621 veces
    431 desde el último reinicio
  • La puntuación promedio es 32 de 35
Estadísticas de respuestas
Hint Respuesta % Correcto
Campeón España
100%
Campeón Francia
99%
Campeón Italia
99%
Campeón Rusia (URSS)
99%
Campeón Alemania
98%
Campeón Portugal
98%
Semifinales Suecia
97%
Campeón Grecia
96%
Octavos de final Irlanda
96%
Fase de grupos Noruega
96%
Campeón Países Bajos
96%
Subcampeón Bélgica
95%
Campeón Dinamarca
94%
3º puesto Inglaterra
94%
Campeón República Checa (Checoslovaquia)
94%
Octavos de final Suiza
94%
Subcampeón Yugoslavia (Serbia)
94%
Cuartos de final Croacia
93%
Cuartos de final Polonia
93%
Fase de grupos Finlandia
92%
3º puesto Hungría
92%
Fase de grupos Austria
91%
Octavos de final Eslovaquia
91%
Cuartos de final Rumanía
91%
Fase de grupos Eslovenia
90%
Fase de grupos Ucrania
90%
Cuartos de final Islandia
88%
Semifinales Turquía
87%
Fase de grupos Bulgaria
86%
Fase de grupos Escocia
86%
Semifinales Gales
86%
Fase de grupos Albania
85%
Fase de grupos Letonia
82%
Octavos de final Irlanda del Norte
78%
Fase de grupos Macedonia del Norte
75%
No se encontraron pruebas coincidentes
Distribución de puntuación
Porcentaje de gente con cada puntuación
Porcentaje por número respondido
Historial de tus puntuaciones
No has intentado esta prueba desde el último reinicio